English Cities: North or South of London? - Statistics

General Stats
  • This quiz has been taken 3,402 times
    1,010 since last reset
  • The average score is 21 of 25
Answer Stats
Hint Answer % Correct
Lincoln North of London
97%
Norwich North of London
96%
Cambridge North of London
95%
Brighton & Hove South of London
95%
Portsmouth South of London
95%
Milton Keynes North of London
94%
Peterborough North of London
94%
Wakefield North of London
93%
Oxford North of London
92%
Hereford North of London
90%
Kingston-upon-Hull North of London
89%
Ripon North of London
88%
Worcester North of London
88%
Exeter South of London
88%
Lichfield North of London
87%
Truro South of London
87%
Ely North of London
81%
Gloucester North of London
81%
St Albans North of London
80%
Canterbury South of London
74%
Chelmsford North of London
72%
Winchester South of London
72%
Salisbury South of London
71%
Chichester South of London
59%
Wells South of London
59%
No matching quizzes found
Score Distribution
Percent of People with Each Score
Percentile by Number Answered
Your Score History
You have not taken this quiz since the last reset